[Event "Titled Tuesday intern op 09th Jan Early"]
[Site "Chess.com INT"]
[Date "2024.01.09"]
[Round "11"]
[White "Garakov, Mikhael"]
[Black "Saha, Ananda"]
[Result "1-0"]
[WhiteElo "2447"]
[BlackElo "1992"]
[PlyCount "49"]
[EventDate "2024.01.09"]
[EventType "swiss (blitz)"]
[EventRounds "11"]
[EventCountry "USA"]
[SourceTitle "CB03_2024"]
[SourceDate "2024.01.17"]
[SourceVersion "1"]
[SourceVersionDate "2024.01.17"]
[SourceQuality "1"]

1. e4 e6 2. d4 d5 3. Nc3 Nf6 4. e5 Nfd7 5. f4 c5 6. Nf3 Nc6 7. Be3 a6 8. Qd2 b5 9. a3 Be7 10. Be2 0-0 11. 0-0 b4 12. axb4 cxb4 13. Nd1 a5 14. Nf2 a4 15. Bd3 Nb6 16. Qe2 a3 17. b3 Nb8 18. Ng5 Bxg5 19. fxg5 Ba6 20. Bxh7+ Kxh7 21. Qh5+ Kg8 22. Ng4 Bxf1 23. Nf6+ Qxf6 24. gxf6 gxf6 25. exf6 1-0

[Event "Titled Tuesday intern op 24th Oct Late"]
[Site "Chess.com INT"]
[Date "2023.10.24"]
[Round "7"]
[White "Al Tarbosh, Ward"]
[Black "Garakov, Mikhael"]
[Result "0-1"]
[WhiteElo "2280"]
[BlackElo "2447"]
[PlyCount "118"]
[EventDate "2023.10.24"]
[EventType "swiss (blitz)"]
[EventRounds "11"]
[EventCountry "USA"]
[SourceTitle "Mega2024 Update 01"]
[Source "Chessbase"]
[SourceDate "2023.11.12"]
[SourceVersion "1"]
[SourceVersionDate "2023.11.12"]
[SourceQuality "1"]

1. e4 c5 2. Nf3 e6 3. d4 cxd4 4. Nxd4 Nc6 5. Nc3 Qc7 6. Be3 a6 7. Qd2 Nf6 8. 0-0-0 b5 9. Bf4 Qb6 10. Nxc6 Qxc6 11. e5 b4 12. exf6 bxc3 13. Qxc3 Qxc3 14. bxc3 gxf6 15. Be2 Bb7 16. Bh5 Rc8 17. Rd3 Bxg2 18. Rhd1 Ba3+ 19. Kb1 d5 20. c4 Bc5 21. cxd5 Bxd5 22. Rxd5 exd5 23. Re1+ Kd8 24. Bxf7 Rc6 25. Bxd5 Rb6+ 26. Kc1 Ba3+ 27. Kd2 Bb4+ 28. c3 Bd6 29. Be3 Rb2+ 30. Kd3 Kc7 31. Bb3 Rd8 32. Kc4 Be5 33. Rg1 Kb8 34. h4 Rc8+ 35. Kd5 Rxc3 36. h5 a5 37. h6 a4 38. Bxa4 Rxa2 39. Bd7 Rd3+ 40. Ke6 Ra6+ 41. Ke7 Kc7 42. Rc1+ Rc3 43. Rd1 Bd6+ 44. Rxd6 Rxe3+ 45. fxe3 Rxd6 46. Bf5 Rd1 47. Kxf6 Rh1 48. Kg7 Rg1+ 49. Kxh7 Kd6 50. e4 Ke5 51. Bg6 Kf6 52. Bf5 Rh1 53. Bd7 Rh4 54. Bc6 Rh2 55. Bd5 Rh4 56. Bc6 Rh2 57. Bb7 Kg5 58. Kg7 Rxh6 59. Kf7 Rb6 0-1

[Event "Titled Tuesday intern op 24th Oct Late"]
[Site "Chess.com INT"]
[Date "2023.10.24"]
[Round "8"]
[White "Brodsky, David"]
[Black "Garakov, Mikhael"]
[Result "0-1"]
[WhiteElo "2497"]
[BlackElo "2447"]
[PlyCount "68"]
[EventDate "2023.10.24"]
[EventType "swiss (blitz)"]
[EventRounds "11"]
[EventCountry "USA"]
[SourceTitle "Mega2024 Update 01"]
[Source "Chessbase"]
[SourceDate "2023.11.12"]
[SourceVersion "1"]
[SourceVersionDate "2023.11.12"]
[SourceQuality "1"]

1. e4 c5 2. Nf3 e6 3. d4 cxd4 4. Nxd4 Nc6 5. Nc3 Qc7 6. Be3 a6 7. a3 Nf6 8. f4 d6 9. Qf3 Bd7 10. 0-0-0 Rc8 11. g4 h5 12. g5 Ng4 13. Bg1 Nxd4 14. Rxd4 e5 15. Rc4 Qd8 16. Nd5 exf4 17. Qxf4 Bc6 18. Bb6 Qd7 19. Bh3 Be7 20. Bd4 0-0 21. Kb1 Bxd5 22. Rxc8 Ba2+ 23. Kxa2 Rxc8 24. Rf1 Qe6+ 25. Kb1 Rc4 26. c3 b5 27. Bg2 a5 28. h3 Ne5 29. Qd2 b4 30. axb4 axb4 31. cxb4 Bxg5 32. Qxg5 Rxd4 33. b5 Rb4 34. b6 Nd3 0-1

[Event "Titled Tuesday intern op 24th Oct Late"]
[Site "Chess.com INT"]
[Date "2023.10.24"]
[Round "1"]
[White "Demina, Marya"]
[Black "Garakov, Mikhael"]
[Result "0-1"]
[WhiteElo "1936"]
[BlackElo "2447"]
[PlyCount "56"]
[EventDate "2023.10.24"]
[EventType "swiss (blitz)"]
[EventRounds "11"]
[EventCountry "USA"]
[SourceTitle "Mega2024 Update 01"]
[Source "Chessbase"]
[SourceDate "2023.11.12"]
[SourceVersion "1"]
[SourceVersionDate "2023.11.12"]
[SourceQuality "1"]

1. d4 Nf6 2. Nf3 e6 3. Bg5 c5 4. e3 b6 5. c3 Bb7 6. Bd3 Be7 7. Nbd2 cxd4 8. exd4 0-0 9. 0-0 d6 10. Re1 Nbd7 11. Qe2 a6 12. a4 Re8 13. h3 Nf8 14. Nf1 Nd5 15. Bd2 Ng6 16. g3 Bf8 17. Bg5 Qc7 18. h4 e5 19. h5 exd4 20. Qxe8 Rxe8 21. Rxe8 Ne5 22. Nxe5 dxe5 23. cxd4 f6 24. Bd2 Qc6 25. Bxh7+ Kxh7 26. Rxf8 Nf4 27. d5 Qxd5 28. Ne3 Qh1# 0-1

[Event "Titled Tuesday intern op 24th Oct Late"]
[Site "Chess.com INT"]
[Date "2023.10.24"]
[Round "5"]
[White "Garakov, Mikhael"]
[Black "Gubajdullin, Alexey"]
[Result "0-1"]
[WhiteElo "2447"]
[BlackElo "2253"]
[PlyCount "74"]
[EventDate "2023.10.24"]
[EventType "swiss (blitz)"]
[EventRounds "11"]
[EventCountry "USA"]
[SourceTitle "Mega2024 Update 01"]
[Source "Chessbase"]
[SourceDate "2023.11.12"]
[SourceVersion "1"]
[SourceVersionDate "2023.11.12"]
[SourceQuality "1"]

1. e4 g6 2. d4 Bg7 3. Nc3 d6 4. f4 a6 5. Nf3 Nd7 6. Bd3 b5 7. e5 c5 8. Be4 Rb8 9. Be3 cxd4 10. Nxd4 dxe5 11. Nc6 Qc7 12. Nxb8 Qxb8 13. 0-0 Ngf6 14. Bd3 b4 15. Ne4 Nd5 16. Qd2 exf4 17. Bxf4 Nxf4 18. Qxf4 Qxf4 19. Rxf4 Bxb2 20. Rb1 Bd4+ 21. Kh1 e5 22. Rff1 a5 23. Nd6+ Ke7 24. Nxf7 Rf8 25. Ng5 Rxf1+ 26. Rxf1 Nf6 27. Ne4 Nxe4 28. Bxe4 Be6 29. Bc6 Bxa2 30. Ba4 Bc4 31. Re1 Bc3 32. Rd1 e4 33. Rd7+ Ke6 34. Rxh7 e3 35. Rh3 e2 36. Re3+ Kd6 37. Be8 g5 0-1

[Event "Titled Tuesday intern op 12th Sep Early"]
[Site "Chess.com INT"]
[Date "2023.09.12"]
[Round "7"]
[White "Aradhya, Garg"]
[Black "Garakov, Mikhael"]
[Result "1/2-1/2"]
[WhiteElo "2344"]
[BlackElo "2447"]
[PlyCount "158"]
[EventDate "2023.09.12"]
[EventType "swiss (blitz)"]
[EventRounds "11"]
[EventCountry "USA"]
[SourceTitle "EXT 2024"]
[Source "ChessBase"]
[SourceDate "2023.10.10"]
[SourceVersion "1"]
[SourceVersionDate "2023.10.10"]
[SourceQuality "1"]

1. d4 c5 2. d5 g6 3. e4 Bg7 4. Nf3 d6 5. Bb5+ Bd7 6. a4 Nf6 7. Nc3 0-0 8. 0-0 Bxb5 9. axb5 Nbd7 10. h3 Ne8 11. Bg5 h6 12. Bf4 Nc7 13. Qd2 Kh7 14. Rfe1 Nb6 15. b3 Qd7 16. Ra5 a6 17. bxa6 Rxa6 18. Rxa6 bxa6 19. e5 Nb5 20. e6 fxe6 21. Nxb5 Nxd5 22. Bg3 axb5 23. Qe2 e5 24. h4 Nf4 25. Qd2 b4 26. Nxe5 Qf5 27. Bxf4 Qxf4 28. Qxf4 Rxf4 29. Nd3 Rf7 30. Re6 Bd4 31. g4 Kg7 32. Kg2 g5 33. h5 Kf8 34. Rxh6 Ke8 35. Rg6 Bf6 36. f4 gxf4 37. Nxf4 Bd4 38. Nd3 Rg7 39. Rxg7 Bxg7 40. g5 Kf7 41. Kf3 e5 42. Kg4 e4 43. Nf4 Be5 44. Kf5 e3 45. Ne2 Bd4 46. h6 d5 47. g6+ Kg8 48. Kf4 Bf6 49. Kf5 Bb2 50. Kf4 Bf6 51. Kf5 Bb2 52. Ke6 d4 53. Kd5 Bc3 54. Kxc5 d3 55. cxd3 Bf6 56. Kxb4 Bg5 57. h7+ Kg7 58. Kc4 Bf6 59. b4 Kxg6 60. b5 Kxh7 61. b6 Kg6 62. b7 Be5 63. d4 Bc7 64. Kd5 Kf5 65. Kc6 Bh2 66. Kd7 Ke4 67. Kc8 Kd3 68. b8Q Bxb8 69. Kxb8 Kxe2 70. d5 Kf3 71. d6 e2 72. d7 e1Q 73. d8Q Qb4+ 74. Kc8 Qc4+ 75. Kb8 Qb3+ 76. Kc8 Qc2+ 77. Kb8 Qe4 78. Qf6+ Qf4+ 79. Qxf4+ Kxf4 1/2-1/2

[Event "Titled Tuesday intern op 05th Sep Early"]
[Site "Chess.com INT"]
[Date "2023.09.05"]
[Round "7"]
[White "Aakanksha, Hagawane"]
[Black "Garakov, Mikhael"]
[Result "0-1"]
[WhiteElo "2149"]
[BlackElo "2447"]
[PlyCount "104"]
[EventDate "2023.09.05"]
[EventType "swiss (blitz)"]
[EventRounds "11"]
[EventCountry "USA"]
[SourceTitle "EXT 2024"]
[Source "ChessBase"]
[SourceDate "2023.10.10"]
[SourceVersion "1"]
[SourceVersionDate "2023.10.10"]
[SourceQuality "1"]

1. e4 c5 2. Nf3 e6 3. d4 cxd4 4. Nxd4 Nc6 5. Nb5 d6 6. c4 Nf6 7. N1c3 a6 8. Na3 b6 9. Be2 Nb8 10. Be3 Bb7 11. f3 Nbd7 12. 0-0 Be7 13. Rc1 Rc8 14. Nc2 Qc7 15. Nd4 0-0 16. b3 Qb8 17. Bd3 Bd8 18. Kh1 Re8 19. Bb1 d5 20. cxd5 exd5 21. Nf5 dxe4 22. fxe4 Bc7 23. Bg1 Be5 24. Qd2 Nc5 25. Qg5 Ne6 26. Qe3 Ng4 27. Qh3 Nf6 28. Nd5 Rxc1 29. Rxc1 g6 30. Nfe7+ Kg7 31. Be3 h5 32. Nxf6 Bxf6 33. Nd5 Bxd5 34. exd5 Nd4 35. Rf1 Qe5 36. Bxd4 Qxd4 37. Qf3 Re3 38. Qf2 Qe5 39. h3 Re2 40. Qf3 Rd2 41. Be4 Rd4 42. Bb1 Rxd5 43. a4 Rd4 44. b4 Rxb4 45. Ba2 Rxa4 46. Bxf7 Kxf7 47. Qb3+ Qe6 48. Qxa4 b5 49. Qb4 Kg7 50. Qc5 Be7 51. Qc7 b4 52. Qb7 a5 0-1

[Event "Titled Tuesday intern op 05th Sep Early"]
[Site "Chess.com INT"]
[Date "2023.09.05"]
[Round "1"]
[White "Jahnz, Fabian"]
[Black "Garakov, Mikhael"]
[Result "0-1"]
[WhiteElo "2268"]
[BlackElo "2447"]
[PlyCount "82"]
[EventDate "2023.09.05"]
[EventType "swiss (blitz)"]
[EventRounds "11"]
[EventCountry "USA"]
[SourceTitle "EXT 2024"]
[Source "ChessBase"]
[SourceDate "2023.10.10"]
[SourceVersion "1"]
[SourceVersionDate "2023.10.10"]
[SourceQuality "1"]

1. e4 c5 2. c3 d6 3. Bb5+ Bd7 4. Bxd7+ Nxd7 5. Nf3 Ngf6 6. Qe2 g6 7. 0-0 Bg7 8. Rd1 0-0 9. d4 Qc7 10. h3 e5 11. dxe5 dxe5 12. Bg5 h6 13. Bh4 g5 14. Bg3 Nh5 15. Bh2 Nf4 16. Bxf4 exf4 17. Nbd2 Rfe8 18. Nc4 Re6 19. Qd3 Nb6 20. Nxb6 Qxb6 21. Rd2 Rae8 22. Re1 Qc6 23. Rde2 c4 24. Qc2 Qc5 25. Rd1 b5 26. Rd7 a5 27. Nd4 Bxd4 28. cxd4 Qc6 29. Rd5 Qxd5 30. exd5 Rxe2 31. Qf5 Rxb2 32. d6 c3 33. d7 Rf8 34. Qc5 c2 35. Qxf8+ Kxf8 36. d8Q+ Kg7 37. Qc7 Rb1+ 38. Kh2 c1Q 39. Qe5+ Kh7 40. Qf5+ Kg8 41. Qe5 Qg1# 0-1

[Event "Titled Tuesday intern op 29th Aug Early"]
[Site "Chess.com INT"]
[Date "2023.08.29"]
[Round "6"]
[White "Garakov, Mikhael"]
[Black "Baches Garcia, Guillermo"]
[Result "1-0"]
[WhiteElo "2447"]
[BlackElo "2327"]
[PlyCount "67"]
[EventDate "2023.08.29"]
[EventType "swiss (blitz)"]
[EventRounds "11"]
[EventCountry "USA"]
[SourceTitle "EXT 2024"]
[Source "ChessBase"]
[SourceDate "2023.10.10"]
[SourceVersion "1"]
[SourceVersionDate "2023.10.10"]
[SourceQuality "1"]

1. e4 c5 2. Nf3 d6 3. d4 cxd4 4. Nxd4 Nf6 5. Nc3 Nc6 6. Bc4 Bd7 7. Be3 Ng4 8. Qf3 Nce5 9. Qe2 Nxe3 10. fxe3 g6 11. Bb3 Bg7 12. 0-0 0-0 13. Nf3 a6 14. Rad1 Bc6 15. Nd4 Bd7 16. Nd5 e6 17. Nf4 Qe7 18. Nd3 Rad8 19. Nf3 Bb5 20. Nfxe5 Bxe5 21. a4 Bc6 22. Nxe5 dxe5 23. Qc4 Rxd1 24. Rxd1 Rd8 25. Rd3 Kg7 26. Qc3 f6 27. Qc4 Rxd3 28. cxd3 f5 29. exf5 exf5 30. Qg8+ Kh6 31. h4 e4 32. d4 f4 33. exf4 e3 34. Qe6 1-0

[Event "Titled Tuesday intern op 29th Aug Early"]
[Site "Chess.com INT"]
[Date "2023.08.29"]
[Round "9"]
[White "Garakov, Mikhael"]
[Black "Shuvalov, Evgenij"]
[Result "1-0"]
[WhiteElo "2447"]
[BlackElo "2073"]
[PlyCount "149"]
[EventDate "2023.08.29"]
[EventType "swiss (blitz)"]
[EventRounds "11"]
[EventCountry "USA"]
[SourceTitle "EXT 2024"]
[Source "ChessBase"]
[SourceDate "2023.10.10"]
[SourceVersion "1"]
[SourceVersionDate "2023.10.10"]
[SourceQuality "1"]

1. e4 e6 2. d4 d5 3. Nc3 Bb4 4. e5 c5 5. a3 Bxc3+ 6. bxc3 Ne7 7. Qg4 Qc7 8. Qxg7 Rg8 9. Qxh7 cxd4 10. Ne2 Nbc6 11. f4 Bd7 12. Qd3 dxc3 13. Nxc3 a6 14. h4 Nf5 15. Rh3 Rc8 16. h5 Kf8 17. h6 Rg6 18. h7 Kg7 19. Qd1 Qb6 20. g4 Nh6 21. f5 exf5 22. Rxh6 Rxh6 23. Bxh6+ Kxh6 24. Qd2+ Kxh7 25. Nxd5 Qd4 26. Nf6+ Kg6 27. Qxd4 Nxd4 28. 0-0-0 Nxc2 29. Kb2 Ba4 30. gxf5+ Kxf5 31. Bh3+ Kxe5 32. Bxc8 Kxf6 33. Rf1+ Ke7 34. Rf4 b5 35. Bxa6 Kd6 36. Bxb5 Bxb5 37. Kxc2 Ke6 38. Kc3 f5 39. Kd4 Bc6 40. Rf1 Be4 41. a4 Kd6 42. a5 Kc7 43. Ra1 Kb7 44. Kc5 Ka6 45. Kb4 Bd5 46. Re1 Be4 47. Rg1 Bd5 48. Rg5 Be4 49. Rg6+ Ka7 50. Rf6 Bd3 51. Kc5 Be4 52. Kb4 Bd3 53. Rf8 Be4 54. Rf7+ Ka6 55. Rf6+ Ka7 56. a6 Bd3 57. Ka5 Be4 58. Rf7+ Kb8 59. Kb6 Kc8 60. a7 Kd8 61. Rf8+ Ke7 62. a8Q Bxa8 63. Rxa8 Kd6 64. Rd8+ Ke5 65. Kc5 Ke4 66. Kc4 f4 67. Re8+ Kf3 68. Kd3 Kg2 69. Rg8+ Kf3 70. Rg7 Kf2 71. Rf7 Kf3 72. Kd4 Kg3 73. Ke4 f3 74. Rxf3+ Kg2 75. Ke3 1-0

[Event "Titled Tuesday intern op 29th Aug Early"]
[Site "Chess.com INT"]
[Date "2023.08.29"]
[Round "2"]
[White "Player, Edmund C"]
[Black "Garakov, Mikhael"]
[Result "0-1"]
[WhiteElo "2180"]
[BlackElo "2447"]
[PlyCount "66"]
[EventDate "2023.08.29"]
[EventType "swiss (blitz)"]
[EventRounds "11"]
[EventCountry "USA"]
[SourceTitle "EXT 2024"]
[Source "ChessBase"]
[SourceDate "2023.10.10"]
[SourceVersion "1"]
[SourceVersionDate "2023.10.10"]
[SourceQuality "1"]

1. e4 c5 2. Nf3 e6 3. d4 cxd4 4. Nxd4 Nc6 5. Nc3 Qc7 6. g3 a6 7. Bg2 Nf6 8. Be3 Be7 9. 0-0 0-0 10. a4 d6 11. f4 Bd7 12. Nb3 b6 13. Qd2 Rab8 14. h3 Na5 15. Nxa5 bxa5 16. Rad1 Rxb2 17. e5 dxe5 18. fxe5 Qxe5 19. Bd4 Bc5 20. Rf2 Bxd4 21. Qxd4 Qxd4 22. Rxd4 Rc8 23. Ne4 Nxe4 24. Bxe4 Be8 25. Rfd2 Kf8 26. Rd8 Rxd8 27. Rxd8 Ke7 28. Ra8 Rb6 29. c4 Bxa4 30. c5 Rb4 31. c6 Rxe4 32. c7 Bd7 33. Ra7 Rc4 0-1

[Event "Speed Chess Q2 Sw"]
[Site "Chess.com INT"]
[Date "2023.08.23"]
[Round "6"]
[White "Albertini, Luca"]
[Black "Garakov, Mikhael"]
[Result "0-1"]
[WhiteElo "2103"]
[BlackElo "2447"]
[PlyCount "78"]
[EventDate "2023.08.23"]
[EventType "swiss (blitz)"]
[EventRounds "14"]
[EventCountry "USA"]
[SourceTitle "CBM 215 Extra"]
[Source "ChessBase"]
[SourceDate "2023.09.30"]
[SourceVersion "1"]
[SourceVersionDate "2023.09.30"]
[SourceQuality "1"]

1. d4 c5 2. d5 g6 3. c4 Bg7 4. Nc3 d6 5. e4 e6 6. f4 Nf6 7. Nf3 exd5 8. cxd5 0-0 9. Bd3 Bg4 10. 0-0 a6 11. h3 Bxf3 12. Qxf3 Nbd7 13. a4 Re8 14. Re1 Qc7 15. Be3 c4 16. Bc2 Nc5 17. Bf2 Rab8 18. Kh1 b5 19. axb5 axb5 20. e5 Nfd7 21. e6 Nf6 22. exf7+ Qxf7 23. Bxc5 dxc5 24. d6 b4 25. Ne4 b3 26. Nxf6+ Bxf6 27. Be4 Kg7 28. Bd5 Rxe1+ 29. Rxe1 Qd7 30. Bxc4 Qxd6 31. Rd1 Bd4 32. Bxb3 Rf8 33. Qb7+ Kh8 34. Bc4 Qxf4 35. b4 Be5 36. g3 Qxc4 37. Qe7 Qe4+ 38. Kg1 Bd4+ 39. Rxd4 Qxe7 0-1

[Event "Speed Chess Q2 Sw"]
[Site "Chess.com INT"]
[Date "2023.08.23"]
[Round "4"]
[White "Garakov, Mikhael"]
[Black "Gao, Raymond"]
[Result "1-0"]
[WhiteElo "2447"]
[BlackElo "1938"]
[PlyCount "103"]
[EventDate "2023.08.23"]
[EventType "swiss (blitz)"]
[EventRounds "14"]
[EventCountry "USA"]
[SourceTitle "CBM 215 Extra"]
[Source "ChessBase"]
[SourceDate "2023.09.30"]
[SourceVersion "1"]
[SourceVersionDate "2023.09.30"]
[SourceQuality "1"]

1. e4 c6 2. d4 d5 3. exd5 cxd5 4. c4 Nf6 5. Nc3 Nc6 6. Nf3 g6 7. cxd5 Nxd5 8. Bc4 Nb6 9. Bb3 Bg7 10. d5 Na5 11. 0-0 0-0 12. h3 Nxb3 13. axb3 e6 14. d6 Nd5 15. Nxd5 exd5 16. Qxd5 Be6 17. Qd1 Qb6 18. Be3 Qxb3 19. Qxb3 Bxb3 20. Rxa7 Rxa7 21. Bxa7 Rd8 22. Bc5 Bf8 23. Nd4 Bd5 24. Rd1 Bxd6 25. Bb6 Rc8 26. Nb5 Bc5 27. Na7 Bxf2+ 28. Bxf2 Rd8 29. Bb6 Rd7 30. Nb5 Bc6 31. Rxd7 Bxd7 32. Nc3 f5 33. Kf2 Kf8 34. Ke3 Ke7 35. Kf4 Bc6 36. g3 Kf6 37. Bd4+ Kf7 38. Kg5 Bg2 39. h4 Bh3 40. Kh6 Kg8 41. Nd5 Bg2 42. Nf6+ Kf7 43. Nxh7 Be4 44. Ng5+ Kg8 45. Nxe4 fxe4 46. Kxg6 Kf8 47. h5 Ke8 48. h6 Kd7 49. h7 Kc6 50. h8Q Kd5 51. Qe5+ Kc4 52. Qxe4 1-0

[Event "Speed Chess Q2 Sw"]
[Site "Chess.com INT"]
[Date "2023.08.23"]
[Round "5"]
[White "Garakov, Mikhael"]
[Black "Perossa, Nicolas"]
[Result "1-0"]
[WhiteElo "2447"]
[BlackElo "2265"]
[PlyCount "87"]
[EventDate "2023.08.23"]
[EventType "swiss (blitz)"]
[EventRounds "14"]
[EventCountry "USA"]
[SourceTitle "CBM 215 Extra"]
[Source "ChessBase"]
[SourceDate "2023.09.30"]
[SourceVersion "1"]
[SourceVersionDate "2023.09.30"]
[SourceQuality "1"]

1. e4 e5 2. Nf3 Nc6 3. Bb5 Nf6 4. 0-0 Nxe4 5. Re1 Nd6 6. Nxe5 Be7 7. Bf1 Nxe5 8. Rxe5 0-0 9. d4 Bf6 10. Re1 Nf5 11. c3 d5 12. Bd3 Nd6 13. Qc2 g6 14. Nd2 Bf5 15. Bxf5 Nxf5 16. Nf3 Nd6 17. Bh6 Bg7 18. Bg5 f6 19. Bf4 Qd7 20. Qb3 Qc6 21. Bxd6 Qxd6 22. Re2 Rfe8 23. Rxe8+ Rxe8 24. Qxb7 g5 25. Qxa7 g4 26. Nh4 Re2 27. Qb8+ Bf8 28. Qb5 Qe6 29. g3 f5 30. Nxf5 Re1+ 31. Rxe1 Qxe1+ 32. Qf1 Qd2 33. Ne3 Qxb2 34. Nxd5 Qxa2 35. Ne3 Qd2 36. Qc4+ Kh8 37. Qxc7 Qc1+ 38. Kg2 Qb1 39. Qe5+ Kg8 40. Nxg4 Qb7+ 41. d5 Bg7 42. Qe6+ Kh8 43. c4 Qb8 44. c5 1-0

[Event "Speed Chess Q2 Sw"]
[Site "Chess.com INT"]
[Date "2023.08.23"]
[Round "11"]
[White "Skliarov, Viktor"]
[Black "Garakov, Mikhael"]
[Result "0-1"]
[WhiteElo "2383"]
[BlackElo "2447"]
[PlyCount "126"]
[EventDate "2023.08.23"]
[EventType "swiss (blitz)"]
[EventRounds "14"]
[EventCountry "USA"]
[SourceTitle "CBM 215 Extra"]
[Source "ChessBase"]
[SourceDate "2023.09.30"]
[SourceVersion "1"]
[SourceVersionDate "2023.09.30"]
[SourceQuality "1"]

1. e4 c5 2. Nf3 e6 3. d4 cxd4 4. Nxd4 Nc6 5. Nc3 Qc7 6. Be2 a6 7. 0-0 Nf6 8. Be3 Be7 9. f4 d6 10. Kh1 0-0 11. Qe1 Bd7 12. Qg3 b5 13. a3 Nxd4 14. Bxd4 Bc6 15. Rae1 Rae8 16. Bd3 e5 17. fxe5 Nh5 18. Qg4 dxe5 19. Qxh5 exd4 20. Nd5 Qd8 21. Nxe7+ Qxe7 22. Kg1 g6 23. Qh6 Qc5 24. Rf6 Bxe4 25. Rxe4 Rxe4 26. Bxe4 d3+ 27. Rf2 f5 28. Bxd3 f4 29. h4 f3 30. g3 Qe5 31. Qg5 Qxb2 32. h5 Qa1+ 33. Rf1 Qd4+ 34. Kh1 Rf7 35. hxg6 hxg6 36. Qxg6+ Kf8 37. Bf5 f2 38. Bh3 Qd5+ 39. Bg2 Qe5 40. Qh6+ Kg8 41. Qg6+ Rg7 42. Qh6 Rh7 43. Qxh7+ Kxh7 44. Rxf2 Qxg3 45. Rf3 Qe1+ 46. Kh2 Qe5+ 47. Kh1 a5 48. Bf1 b4 49. axb4 a4 50. Bd3+ Kg7 51. b5 a3 52. b6 a2 53. Rf1 a1Q 54. Rxa1 Qxa1+ 55. Kg2 Qb2 56. b7 Qxb7+ 57. Kf2 Kf6 58. Ke3 Ke5 59. Kd2 Qb2 60. Ke3 Qc1+ 61. Ke2 Kd4 62. Kf3 Qe3+ 63. Kg4 Ke5 0-1

[Event "Titled Tuesday intern op 08th Aug Late"]
[Site "Chess.com INT"]
[Date "2023.08.08"]
[Round "5"]
[White "Garakov, Mikhael"]
[Black "Hoang, Thi Bao Tram"]
[Result "1-0"]
[WhiteElo "2447"]
[BlackElo "2266"]
[PlyCount "73"]
[EventDate "2023.08.08"]
[EventType "swiss (blitz)"]
[EventRounds "11"]
[EventCountry "USA"]
[SourceTitle "EXT 2024"]
[Source "ChessBase"]
[SourceDate "2023.10.10"]
[SourceVersion "1"]
[SourceVersionDate "2023.10.10"]
[SourceQuality "1"]

1. e4 c6 2. d4 d5 3. exd5 cxd5 4. c4 Nf6 5. Nc3 Nc6 6. Nf3 Be6 7. c5 g6 8. Be2 Bg7 9. 0-0 0-0 10. Be3 Ne4 11. Rc1 Qd7 12. a3 Bg4 13. b4 Bxf3 14. Bxf3 f5 15. Ne2 Rad8 16. b5 Na5 17. Qa4 Nc4 18. Rxc4 dxc4 19. Qxc4+ Kh8 20. Nf4 e5 21. dxe5 Bxe5 22. Ne6 Qf7 23. Rc1 Bb2 24. Nxd8 Qxc4 25. Rxc4 Rxd8 26. c6 bxc6 27. bxc6 Nd6 28. Rc2 Be5 29. Bxa7 Ra8 30. Bc5 Rc8 31. a4 Kg7 32. a5 Nb5 33. a6 Nd4 34. Bxd4 Bxd4 35. c7 Kf6 36. Bb7 Re8 37. g3 1-0

[Event "Titled Tuesday intern op 08th Aug Late"]
[Site "Chess.com INT"]
[Date "2023.08.08"]
[Round "11"]
[White "Hng, Mei En Emmanuelle"]
[Black "Garakov, Mikhael"]
[Result "0-1"]
[WhiteElo "2092"]
[BlackElo "2447"]
[PlyCount "96"]
[EventDate "2023.08.08"]
[EventType "swiss (blitz)"]
[EventRounds "11"]
[EventCountry "USA"]
[SourceTitle "EXT 2024"]
[Source "ChessBase"]
[SourceDate "2023.10.10"]
[SourceVersion "1"]
[SourceVersionDate "2023.10.10"]
[SourceQuality "1"]

1. e4 c5 2. d4 cxd4 3. c3 dxc3 4. Nxc3 Nc6 5. Bc4 g6 6. Nf3 Bg7 7. 0-0 Nf6 8. e5 Nh5 9. g4 d5 10. Bb5 Bxg4 11. e6 fxe6 12. h3 Bxh3 13. Nd4 0-0 14. Bxc6 bxc6 15. Re1 Qd6 16. Qd3 Bf5 17. Nxf5 exf5 18. Bg5 e5 19. Rad1 e4 20. Qa6 d4 21. Nb5 Qd7 22. Nxd4 f4 23. Qc4+ Qd5 24. Qxc6 Qxc6 25. Nxc6 h6 26. Be7 Rfc8 27. Rd6 Kf7 28. Rxe4 g5 29. b4 Re8 30. Rd7 Kg8 31. Re6 f3 32. b5 Nf4 33. Re4 Rac8 34. Rxa7 Ne2+ 35. Kf1 h5 36. a4 g4 37. a5 Bd4 38. Rb7 g3 39. fxg3 Nxg3+ 40. Ke1 Bc3+ 41. Kf2 Nxe4+ 42. Kxf3 Nd2+ 43. Ke2 Nc4 44. a6 Nd6 45. Rd7 Nxb5 46. a7 Rxc6 47. Rd8 Rxd8 48. Bxd8 Nxa7 0-1

[Event "Titled Tuesday intern op 08th Aug Late"]
[Site "Chess.com INT"]
[Date "2023.08.08"]
[Round "3"]
[White "Sahakyan, Aleks"]
[Black "Garakov, Mikhael"]
[Result "1-0"]
[WhiteElo "2243"]
[BlackElo "2447"]
[PlyCount "107"]
[EventDate "2023.08.08"]
[EventType "swiss (blitz)"]
[EventRounds "11"]
[EventCountry "USA"]
[SourceTitle "EXT 2024"]
[Source "ChessBase"]
[SourceDate "2023.10.10"]
[SourceVersion "1"]
[SourceVersionDate "2023.10.10"]
[SourceQuality "1"]

1. e4 c5 2. Nc3 a6 3. g3 b5 4. Bg2 Bb7 5. d3 g6 6. h4 h5 7. Nh3 Bg7 8. Ng5 d6 9. Be3 Nc6 10. Qd2 b4 11. Nd1 Nf6 12. f3 Nd7 13. c3 bxc3 14. bxc3 a5 15. Rb1 Ba6 16. d4 cxd4 17. cxd4 Nb4 18. Bf1 Bxf1 19. Kxf1 Rc8 20. Rc1 Rxc1 21. Qxc1 Nxa2 22. Qc4 0-0 23. Qxa2 Qb6 24. d5 Qb5+ 25. Kg2 Ne5 26. Nf2 Nc4 27. Bf4 Rc8 28. Rb1 Qc5 29. Qb3 Qd4 30. Qb7 Re8 31. Qc6 Rf8 32. Rd1 Ne3+ 33. Bxe3 Qxe3 34. Rd3 Qe2 35. Ngh3 Rb8 36. Nf4 Qe1 37. Rd1 Qb4 38. N4d3 Qb3 39. Rd2 a4 40. Qc2 Qb5 41. Qa2 Ra8 42. Rc2 a3 43. Nc1 Qb6 44. Nfd3 Ra5 45. Rc6 Qe3 46. Rc8+ Kh7 47. Rc2 Bd4 48. Nf2 Rc5 49. Rxc5 dxc5 50. Ncd3 c4 51. Nb4 c3 52. Nbd3 Qd2 53. Qxa3 c2 54. Qc1 1-0